Francisco de Asís : una luz puesta en lo alto /

Detalles Bibliográficos
Autor principal: López Baeza, Antonio, 1936-2019 (Autor)
Formato: Electrónico eBook
Lenguaje:español
Publicado: Bilbao : Desclée De Brouwer, 2015.
Colección:Colección Testigos (Bilbao, Spain) ; 37.
Materias:
Acceso en línea:Digitalia Hispánica

MARC

LEADER 00000nam a2200000 i 4500
001 DIGDESCL0154
003 NyNyDIG
006 m o d
007 cr |||||||||||
008 231119s2015 sp ob 000 0bspa d
035 |a (OCoLC)1007171867 
040 |a DGITA  |b eng  |e rda  |e pn  |c DGITA 
020 |a 9788433037671  |q eBook 
020 |z 9788433028051 
050 1 4 |a BX4700.F6 ebook 
100 1 |a López Baeza, Antonio,  |d 1936-2019,  |e author. 
245 1 0 |a Francisco de Asís :  |b una luz puesta en lo alto /  |c Antonio López Baeza. 
264 1 |a Bilbao :  |b Desclée De Brouwer,  |c 2015. 
300 |a 1 online resource. 
336 |a text  |b txt  |2 rdacontent 
337 |a computer file  |b c  |2 rdamedia 
338 |a online resource  |b cr  |2 rdacarrier 
347 |a text file  |2 rdaft 
347 |b EPUB 
490 1 |a Colección Testigos ;  |v 37 
504 |a Includes bibliographical references. 
588 0 |a Online resource; title from ePub title page (Digitalia, viewed November 19, 2023) 
600 1 0 |a Francis,  |c of Assisi, Saint,  |d 1182-1226. 
655 7 |a Biographies.  |2 lcgft 
776 0 8 |i Print version:  |a López Baeza, Antonio, 1936-2019.  |t Francisco de Asís.  |d Bilbao : Desclée De Brouwer, [2015]  |z 9788433028051 
791 2 |a Digitalia (Firm),  |e distributor. 
793 0 |g Digitalia eBook Collection:  |a Editorial Desclée De Brouwer 
830 0 |a Colección Testigos (Bilbao, Spain) ;  |v 37. 
856 4 0 |3 Digitalia Hispánica  |u https://www.digitaliapublishing.com/a/84226/ 
910 |a Premium collection: 2023